| 000 | 00559nam a22002057a 4500 | ||
|---|---|---|---|
| 001 | 76336 | ||
| 003 | BD-RjUL | ||
| 005 | 20211209082828.0 | ||
| 008 | 191125b ||||| |||| 00| 0 eng d | ||
| 035 | _a(BD-RjUL)76557 | ||
| 040 |
_aBD-RjUL _beng _cBD-RjUL |
||
| 041 | _aeng | ||
| 082 |
_223 _a712.60945 _bMAI 1966 |
||
| 100 |
_aMasson, Georgina _9235490 |
||
| 245 |
_aItalian gardens / _cGeorgina Masson |
||
| 260 |
_aLondon : _bThames and Hudson , _c1966 |
||
| 300 |
_a288 p. : _bill. ; _c21 cm. |
||
| 650 |
_aGardens _vArquitecture _9235491 |
||
| 942 |
_2ddc _cBK |
||
| 999 |
_c76336 _d76336 |
||